000 00604cam a22002052 4500
001 0000008480
005 20151217152034.0
008 080415s xx 000 0 eng d
020 _a0851118956 :
_cKES 1450
040 _aKABU
_cKABU
100 1 _aFerguson, Sinclair B.
_@0000148808
245 1 4 _aThe Holy spirit /
_cSinclair B. Ferguson.
260 _aDowners Grove, IL. :
_bIVP,
_c1996.
300 _a288 p.
440 0 _aContours of Christian theology
_@0000159082
650 0 _aHoly Spirit.
_@0000149390
908 _a080415
950 _@1
999 _c7594
_d7594